LEADER 00803naa a2200205 u 4500 001 000000103382 003 CaOOAMICUS 005 20070226130215.0 008 061115s1978 it u000 u ita u 035 $a11106925 040 $aIAR$bita 100 1 $aVanni Rovighi, Sofia,$d1908-1990.$0(OLS)http://pul/name/5652 245 13$aLa concezione dell'uomo nel Medioevo /$cSofia Vanni Rovighi. 260 $aMilano :$bVita e pensiero,$c1978. 300 $av.1, p. 264-274 ;$c22 cm 500 $aIAR: CCI.222 773 0 $aStudi di filosofia medioevale (Vanni Rovighi, Sofia) 773 0 $aVanni Rovighi, Sofia.$tStudi di filosofia medioevale$g19-20.$w()12175 996 $6245$aLa concezione dell'uomo nel Medioevo$9(OLS)http://pul/title/130287 996 $6260$aMilano :$bVita e pensiero$9(OLS)http://pul/publisher/48016 LEADER 01188nam a2200313 a 4500 001 000000133088 003 CaOOAMICUS 005 20130311142236.0 008 130311s2010 it a b u000 u ita r 020 $a978-88-420-8311-5 040 $aPUL$bita 082 04$a530 100 1 $aBernardini, Carlo.$0(OLS)http://pul/name/47636 245 10$aPrima lezione di fisica /$cCarlo Bernardini. 250 $a2. ed. 260 $aRoma ;$aBari :$bLaterza,$c2010. 300 $aXII, 134 p. :$bill. ;$c18 cm. 490 1 $aUniversale Laterza ;$v882 504 $aBibliografia in nota. 650 14$aFisica$xStudi.$0(OLS)http://pul/subject/19193 830 0$aUniversale Laterza ;$v882.$0(OLS)http://pul/title/569 850 $aPUL 852 $aPUL$W1$xSL Cons. Gen., Altre Classi 3$y75$m530 BERCA 1$j153021$qDDC 21$B152517$CPULBib$Z2$F152517 $H121874 $82 941 1 $a9 996 $6020$a978-88-420-8311-5$9(OLS)http://pul/number/152058 996 $6082$a530$9(OLS)http://pul/classification/2228 996 $6245$aPrima lezione di fisica$9(OLS)http://pul/title/168149 996 $6260$aRoma ;$aBari :$bLaterza$9(OLS)http://pul/publisher/57682